000 01603cam a22004454i 4500
003 PE-LiUPU
005 20250731173516.0
008 150616s r 000 0 d
035 _a(Sirsi) a8111
040 _aPE-LiUPU
_bspa
_cPE-LiUPU
_erda
049 _aPRUA
082 0 4 _a268
_bA86
_221
110 2 _aAsociación General de la Iglesia Adventista del 7mo. Día. División Sudamericana. Departamento de Educación
245 1 0 _aQue es de mayor valor?.
264 1 _aLima :
_bEditorial Imprenta Unión,
_c1995.
300 _a182 páginas :
_bilustraciones ;
_c29 cm.
336 _atext
_2rdacontent
337 _aunmediated
_2rdamedia
338 _avolume
_2rdacarrier
505 0 _aDios en la tierra.- Que es de más valor?.- Quién es mi prójimo?.- Quién es el mayor valor?.- Cuál es la utilidad?.- Para dónde iremos?.
526 _aSEG42
526 _aSEG41
526 _aSEG40
526 _aSEG39
526 _aP94
526 _aP87
526 _aP86
526 _aP85
526 _aP77
526 _aP76
526 _aP35
650 0 4 _aEducación RELIGIOSA DE JOVENES (IASD).
910 _ajck
_bjvq
_cjck
942 _2ddc
_cBOOK
949 _a268 A86
_wDEWEY
_c1
_i41763
_lCCODEBUL1
_mBUL
_p00.00
_r0
_sY
_tBOOK
_u19960925
_xBIBLIOTECA
_zUNKNOWN
_0COMPRA
_o.STAFF. Colección General
994 _aC0
_bPEPRU
596 _a1
999 _a268 A86
_wDEWEY
_c59428
_i41763
_f2021-11-10
_g5
_lCCODEBUL1
_mBUL
_r0
_sY
_tBOOK
_u2015-6-16
_xTEOLOGIA
_zUNKNOWN
_0COMPRA
_o.STAFF. Colección General
_d59428
980 _81
_gALBERTO SANCHEZ Responsable de Automatización